Online Catalogue and eLibrary

Citizenship : (Record no. 2522)

MARC details
000 -LEADER
fixed length control field 00464nam a2200181Ia 4500
005 - DATE AND TIME OF LATEST TRANSACTION
control field 20240416034930.0
008 - FIXED-LENGTH DATA ELEMENTS--GENERAL INFORMATION
fixed length control field 240331s9999 xx 000 0 und d
020 ## - INTERNATIONAL STANDARD BOOK NUMBER
ISBN 01417789
082 ## - DDC Classification
Item Number - Author Mark CIT
Class No. 323.6.
245 #0 - TITLE STATEMENT
Title Citizenship :
Remainder of title pushing the boundaries
260 ## - PUBLICATION, DISTRIBUTION, ETC.
Place of publication, distribution, etc. New York :
Name of publisher, distributor, etc. Routledge /
Date of publication, distribution, etc. 1997
300 ## - PHYSICAL DESCRIPTION
Extent (e.g. Volumes, Pages etc.) 190 p .,
650 ## - SUBJECT ADDED ENTRY--TOPICAL TERM
Topical term or geographic name entry element Feminisum
700 ## - ADDED ENTRY--PERSONAL NAME
Personal name Crowley, Helen
Relator term (Role) Editor
700 ## - ADDED ENTRY--PERSONAL NAME
Personal name Lewis, Gail.
Relator term (Role) Editor
700 ## - ADDED ENTRY--PERSONAL NAME
Personal name Werbner, Pnina
Relator term (Role) Editor
942 ## - Koha item type (Biblio)
Koha item type Books in Stacks (Lending)
Holdings
Lost status Damaged status Collection code Home library Current library Shelving location Date acquired Full call number Accession Number Item type
    Lending WERC Library WERC Library Social Science Cupboard 03/31/2024 323.6 CIT 2699 Books in Stacks (Lending)

© WERC Library